| 000 | 00931nam a22002537a 4500 | ||
|---|---|---|---|
| 999 |
_c3275 _d3275 |
||
| 003 | AR-CdUCM | ||
| 008 | 190306b ||||| |||| 00| 0 spa d | ||
| 040 |
_aMUNICIPALIDAD PROVINCIAL DEL CUSCO _cBIBLIOTECA MUNICIPAL DEL CUSCO |
||
| 041 | _hger | ||
| 082 |
_a330.1 / _bW27 |
||
| 100 |
_aWannenmacher, Walter _910910 |
||
| 245 |
_aEl Capitalismo, Soportado : _bRealidad y Evolución de la Economia en Occidente y en Oriente / |
||
| 260 |
_aBarcelona : _bPlaza & Janes, _c1972. |
||
| 300 |
_a312 paginas ; _bDiagramas , tablas, _c22cm. |
||
| 505 | _aContenido- Las ideologias polares -- Lo indomable internacional -- La propension al error -- modelos -- Variantes monetarias... | ||
| 650 |
_aOccidente y oriente _910911 |
||
| 650 |
_aEconomia _9382 |
||
| 650 |
_aMonetarias _910912 |
||
| 650 |
_aInternacional _94041 |
||
| 700 |
_aVazquez, Manuel _910913 |
||
| 700 |
_aOchoe, J.B _910914 |
||
| 942 |
_2ddc _cLIBROS |
||
| 945 | _apjha | ||